Sanat - "Lupaan" - Behm - Statistics

Yleistilastot
  • Tätä visaa on pelattu 189 kertaa
  • Keskiarvotulos 88 / 143
Vastaustilastot
Vastaus % Oikein
lupaan
100%
91%
91%
Ja
89%
ja
89%
sen
88%
et
87%
sulle
87%
että
86%
en
83%
jos
76%
Jos
76%
sun
74%
paitsi
72%
puoliikaan
72%
siitä
70%
kuitenkaan
68%
on
64%
oot
61%
kuin
59%
mun
59%
niin
58%
pitäis
58%
vaan
57%
voitais
55%
kohta
53%
Lasken
53%
olla
53%
oon
53%
askeleita
51%
John
51%
siis
51%
kakskyt
50%
näin
50%
rauhaton
50%
viis
50%
lausuisi
49%
nyt
49%
ois
49%
olis
49%
sua
49%
laskujen
47%
mukaan
47%
ne
47%
pahaa
47%
pois
47%
valehtelisin
47%
lausetta
46%
rahaa
46%
rakastua
46%
sanoisin
46%
yhdessä
46%
alle
45%
osa
45%
patjan
45%
piilottaisin
45%
sanoja
45%
satutan
45%
taas
45%
tietäisin
45%
voin
45%
oliskaan
43%
Meil
42%
mut
42%
protestoida
42%
uudelleen
42%
katseet
41%
kauneimmat
41%
kaupungin
41%
uskotko
41%
askeleet
39%
muuttua
39%
laskee
38%
sanoisit
38%
arvoinen
37%
haluisin
36%
unohtaisin
36%
yrittää
36%
Yoko
34%
vaurastuu
22%
Ehtoja vastaavia visoja ei löytynyt
Tulosjakauma
Jokaisen tuloksen saaneiden osuus
Persentiili vastausten määrän mukaan
Tuloshistoriasi
Et ole pelannut tätä visaa